00983cam a2200229 a 450000100100000000500170001000800410002704000250006808200170009310000380011024500890014826000640023730000210030149000460032250400720036865000480044065000380048865000390052683000530056595201200061899900150073800000145220200929145601.0090622s1910 sp 001 0 spa  aDO-SdBNPbspacBNPHU a352.4bP855e1 aPosada, Adolfo,d1860-1944.9482010aEvolución legislativa del régimen local en España 1812-1909. /cAdolfo Posada. aMadrid :bLibrería General de Victoriano Suárez,c1910. a513 p. ;c20 cm.1 aBiblioteca de Derecho y Ciencias Sociales aIncluye referencias bibliográficas y notas al pie de la páginas 4aAdministración provincialzEspaña94821 4aDerecho municipalzEspaña94822 4aCiencia políticazEspaña94823 0aBiblioteca de Derecho y Ciencias Sociales.94824 001052708MOaGRbGRcCTd2009-07-10iLF1l0o352.4 P855ep1452-10r2020-06-25w2020-06-25y2ZPréstamo interno c1364d1364